[Event "ROM-ch U18"]
[Site "Sovata"]
[Date "2002.05.02"]
[Round "9"]
[White "Dulman, Egmond Gabriel"]
[Black "Olariu, Dan"]
[Result "1/2-1/2"]
[WhiteElo "2041"]
[BlackElo "2201"]
[PlyCount "62"]
[EventDate "2002.04.24"]
[EventType "tourn"]
[EventRounds "11"]
[EventCountry "ROU"]
[SourceTitle "EXT 2008"]
[Source "ChessBase"]
[SourceDate "2007.11.25"]
[SourceVersion "1"]
[SourceVersionDate "2007.11.25"]
[SourceQuality "1"]

1. d4 c5 2. d5 e5 3. dxe6 dxe6 4. Qxd8+ Kxd8 5. e4 Nc6 6. Be3 b6 7. Nc3 Bd6 8. 0-0-0 Ke7 9. f4 f6 10. Nf3 Bb7 11. Nb5 Bb8 12. c3 Nh6 13. h3 Nf7 14. Bd3 a6 15. Na3 e5 16. f5 Na5 17. g4 Nd6 18. Nd2 g6 19. fxg6 hxg6 20. h4 Bc7 21. h5 g5 22. Rhg1 Rad8 23. Bc2 Bc8 24. Nf1 Nf7 25. Bf2 Nh6 26. Ne3 Be6 27. b3 Nb7 28. c4 Rxd1+ 29. Kxd1 Nd6 30. Ke2 Rd8 31. Nb1 b5 1/2-1/2

[Event "ROM-ch U18"]
[Site "Sovata"]
[Date "2002.04.24"]
[Round "1"]
[White "Jianu, Vlad Cristian"]
[Black "Olariu, Dan"]
[Result "1-0"]
[WhiteElo "2421"]
[BlackElo "2201"]
[PlyCount "133"]
[EventDate "2002.04.24"]
[EventType "tourn"]
[EventRounds "11"]
[EventCountry "ROU"]
[SourceTitle "EXT 2008"]
[Source "ChessBase"]
[SourceDate "2007.11.25"]
[SourceVersion "1"]
[SourceVersionDate "2007.11.25"]
[SourceQuality "1"]

1. d4 Nf6 2. c4 e6 3. Nc3 Bb4 4. f3 Nc6 5. e3 0-0 6. Bd3 d5 7. a3 dxc4 8. Bxc4 Be7 9. Nge2 e5 10. d5 Nb8 11. 0-0 c6 12. e4 cxd5 13. Nxd5 Nxd5 14. Bxd5 Nd7 15. Kh1 Nf6 16. Ba2 Qb6 17. Nc3 Be6 18. Bxe6 Qxe6 19. Bg5 Rfd8 20. Qe2 Ne8 21. Bxe7 Qxe7 22. Nd5 Qe6 23. Rac1 Rac8 24. Qe3 b6 25. Rxc8 Rxc8 26. Rc1 Kf8 27. Qd2 Rxc1+ 28. Qxc1 f6 29. a4 Qd7 30. a5 bxa5 31. Qc5+ Kf7 32. Qxa5 Nd6 33. Qc5 Nb5 34. h3 Nd4 35. Kh2 Ne6 36. Qb4 h6 37. Qb8 Nd8 38. h4 h5 39. b4 g6 40. b5 Ne6 41. Qg8+ Kxg8 42. Nxf6+ Kg7 43. Nxd7 Nd4 44. b6 axb6 45. Nxe5 b5 46. Nd3 Kf6 47. Kg3 Nc2 48. Kf2 b4 49. Ke2 b3 50. Kd2 g5 51. g3 gxh4 52. gxh4 Na3 53. f4 Nc4+ 54. Kc3 Ne3 55. Ne1 Nc4 56. Nf3 b2 57. Kc2 Ke6 58. Kb1 Kf6 59. f5 Ne3 60. Kxb2 Nxf5 61. Kc3 Ng7 62. Kd3 Ne6 63. Ke3 Kg6 64. Nd4 Nc5 65. e5 Kf7 66. Kf4 Kg6 67. Ne2 1-0

[Event "ROM-ch U18 sf"]
[Site "Buzias"]
[Date "2002.03.??"]
[Round "5"]
[White "Olariu, Dan"]
[Black "Balla, Tamas Kristof"]
[Result "0-1"]
[WhiteElo "2203"]
[BlackElo "2136"]
[PlyCount "68"]
[EventDate "2002.03.18"]
[EventType "swiss"]
[EventRounds "9"]
[EventCountry "ROU"]
[SourceTitle "EXT 2008"]
[Source "ChessBase"]
[SourceDate "2007.11.25"]
[SourceVersion "1"]
[SourceVersionDate "2007.11.25"]
[SourceQuality "1"]

1. d4 Nf6 2. c4 g6 3. Nc3 Bg7 4. e4 d6 5. f3 0-0 6. Be3 e5 7. Nge2 Nc6 8. d5 Ne7 9. g4 Ne8 10. Qd2 f5 11. h3 c6 12. 0-0-0 c5 13. Kb1 Bd7 14. Nc1 a6 15. a3 b5 16. b3 Rb8 17. Ka2 Nf6 18. Bg2 a5 19. a4 bxc4 20. Qc2 cxb3+ 21. Nxb3 Rb4 22. Nd2 Qe8 23. Ka3 f4 24. Bf2 Nc8 25. Bf1 Nb6 26. Bb5 Bxb5 27. axb5 Qd7 28. Ka2 Ne8 29. Ndb1 Nc4 30. Na3 Nxa3 31. Kxa3 Nc7 32. Rb1 Rb8 33. Rhd1 Nxb5+ 34. Nxb5 Qxb5 0-1

[Event "ROM-ch sf U16"]
[Site "Eforie Nord"]
[Date "2001.??.??"]
[Round "5"]
[White "Doncea, Vladimir"]
[Black "Olariu, Dan"]
[Result "1/2-1/2"]
[WhiteElo "1795"]
[BlackElo "1900"]
[PlyCount "132"]
[EventDate "2001.01.28"]
[EventType "swiss"]
[EventRounds "8"]
[EventCountry "ROU"]
[SourceTitle "EXT 2004"]
[Source "ChessBase"]
[SourceDate "2003.11.25"]
[SourceVersion "1"]
[SourceVersionDate "2003.11.25"]
[SourceQuality "1"]

1. d4 d5 2. Nf3 Nf6 3. c4 e6 4. g3 dxc4 5. Bg2 a6 6. 0-0 c5 7. Na3 b5 8. Ne5 Ra7 9. dxc5 Qxd1 10. Rxd1 Bxc5 11. Bf4 Nfd7 12. Nc2 Bb7 13. Nd4 Bxg2 14. Kxg2 Bxd4 15. Rxd4 Nxe5 16. Bxe5 0-0 17. Bxb8 Rxb8 18. Rad1 Kf8 19. Kf3 Ke7 20. Ke3 Rbb7 21. Rd8 Rd7 22. R1xd7+ Rxd7 23. Rg8 Kf6 24. Rb8 Rd1 25. a4 Rb1 26. axb5 axb5 27. Rxb5 c3 28. Rc5 cxb2 29. Rb5 h5 30. h4 g6 31. f3 Rg1 32. Rxb2 Rxg3 33. Rb4 Rg2 34. Rb7 Rh2 35. Rb4 e5 36. Ra4 Kf5 37. Rb4 Ke6 38. Kd3 Rh3 39. Ke3 Kf5 40. Kf2 Rh2+ 41. Kf1 f6 42. Re4 Rh1+ 43. Kg2 Rd1 44. Ra4 Rd4 45. e4+ Ke6 46. Ra6+ Rd6 47. Ra8 Rd7 48. Ra6+ Kf7 49. Ra5 Kg7 50. Ra6 Rf7 51. Re6 Kh6 52. Kg3 g5 53. Re8 Rg7 54. Rh8+ Kg6 55. Kh3 Rf7 56. Re8 Rd7 57. Kg3 Rd3 58. hxg5 Kxg5 59. Rg8+ Kh6 60. Kf2 Rd7 61. Rf8 Kg6 62. Kg3 Rd3 63. Rh8 Ra3 64. Rg8+ Kh7 65. Rb8 h4+ 66. Kg4 h3 1/2-1/2

[Event "ROM-ch U16"]
[Site "Sovata"]
[Date "2001.??.??"]
[Round "8"]
[White "Madan, Augustin"]
[Black "Olariu, Dan"]
[Result "1-0"]
[WhiteElo "2040"]
[BlackElo "1900"]
[PlyCount "87"]
[EventDate "2001.03.31"]
[EventType "tourn"]
[EventRounds "11"]
[EventCountry "ROU"]
[SourceTitle "EXT 2008"]
[Source "ChessBase"]
[SourceDate "2007.11.25"]
[SourceVersion "1"]
[SourceVersionDate "2007.11.25"]
[SourceQuality "1"]

1. e4 c5 2. Nc3 Nc6 3. f4 e6 4. Nf3 a6 5. g3 d5 6. d3 Nge7 7. Bg2 g6 8. 0-0 Bg7 9. Kh1 b5 10. Qe1 d4 11. Nd1 0-0 12. g4 f5 13. Nf2 Rb8 14. h4 Kh8 15. h5 fxg4 16. Nxg4 gxh5 17. Ngh2 Ng6 18. Ng5 Qc7 19. Qe2 Bf6 20. Qxh5 Nb4 21. Rf2 c4 22. a3 Nc6 23. Ng4 Bd8 24. Bd2 cxd3 25. cxd3 Qd7 26. Rf3 Qg7 27. Raf1 Bd7 28. Rh3 Bxg5 29. Qxg5 b4 30. axb4 Nxb4 31. f5 exf5 32. exf5 Ne7 33. Qxg7+ Kxg7 34. f6+ Kh8 35. fxe7 Rxf1+ 36. Bxf1 Nd5 37. Rg3 Nxe7 38. Nh6 Be6 39. b4 Ng6 40. Bg2 Kg7 41. Be4 Rb5 42. Rg5 Rxg5 43. Bxg5 Ne5 44. Nf5+ 1-0

[Event "ROM-ch U16"]
[Site "Sovata"]
[Date "2001.??.??"]
[Round "5"]
[White "Olariu, Dan"]
[Black "Florescu, Petru"]
[Result "0-1"]
[WhiteElo "1900"]
[BlackElo "2195"]
[PlyCount "70"]
[EventDate "2001.03.31"]
[EventType "tourn"]
[EventRounds "11"]
[EventCountry "ROU"]
[SourceTitle "EXT 2008"]
[Source "ChessBase"]
[SourceDate "2007.11.25"]
[SourceVersion "1"]
[SourceVersionDate "2007.11.25"]
[SourceQuality "1"]

1. d4 Nf6 2. c4 e6 3. Nc3 Bb4 4. f3 c5 5. d5 b5 6. e4 bxc4 7. Bxc4 Nxd5 8. Bxd5 exd5 9. Qxd5 Nc6 10. Bf4 0-0 11. Nge2 Ba6 12. a3 Ba5 13. Qxc5 Rc8 14. Qd5 Qb6 15. Qd2 Bxe2 16. Be3 Qb3 17. Qxe2 Bxc3+ 18. bxc3 Qxc3+ 19. Kf2 Nd4 20. Qd2 Qxd2+ 21. Bxd2 Rc2 22. Ke3 Nb3 23. Rad1 Rfc8 24. Bb4 a5 25. Be7 R8c3+ 26. Kf4 Rxg2 27. Rxd7 h6 28. h4 Nd2 29. Rh3 Rf2 30. Ra7 Rfxf3+ 31. Rxf3 Rxf3+ 32. Ke5 Rd3 33. Kf5 Nc4 34. a4 Rd2 35. Rc7 Ne3+ 0-1

[Event "ROM-ch U16 sf"]
[Site "Calimanesti"]
[Date "2000.??.??"]
[Round "?"]
[White "Olariu, Dan"]
[Black "Balla, Tamas Kristof"]
[Result "1-0"]
[WhiteElo "2009"]
[BlackElo "2061"]
[PlyCount "97"]
[EventDate "2000.??.??"]
[EventType "swiss"]
[EventRounds "9"]
[EventCountry "ROU"]
[SourceTitle "EXT 2001"]
[Source "ChessBase"]
[SourceDate "2000.11.22"]
[SourceVersion "1"]
[SourceVersionDate "2000.11.22"]
[SourceQuality "1"]

1. d4 Nf6 2. c4 g6 3. Nc3 Bg7 4. e4 d6 5. f3 0-0 6. Be3 e5 7. Nge2 Nc6 8. d5 Ne7 9. g4 Ne8 10. Qd2 f5 11. h3 c6 12. 0-0-0 f4 13. Bf2 c5 14. Kb1 Bd7 15. Nc1 a6 16. a3 Qa5 17. Nb3 Qd8 18. Na1 b5 19. Nc2 Rb8 20. cxb5 axb5 21. b4 c4 22. Kb2 Qc7 23. Ra1 Ra8 24. Be2 Nf6 25. Rhb1 Nc8 26. a4 bxa4 27. Na3 Nb6 28. Kc2 Rfc8 29. Qe1 Be8 30. Qg1 Nfd7 31. Ra2 Ra6 32. Kd2 Bf8 33. Rba1 Rca8 34. Rc1 Rc8 35. Rac2 Qb7 36. Na2 Raa8 37. Bxc4 Nxc4+ 38. Nxc4 h6 39. Rc3 Rab8 40. Na5 Qa6 41. Nc6 Ra8 42. R1c2 Nf6 43. Qb1 Bxc6 44. Rxc6 Rxc6 45. dxc6 Qb5 46. Nc3 Qa6 47. b5 Qa5 48. Qa2+ Kg7 49. Qxa4 1-0

[Event "Deva tt"]
[Site "Deva"]
[Date "1999.??.??"]
[Round "?"]
[White "Conea, Adrian Ovidiu"]
[Black "Olariu, Dan"]
[Result "1/2-1/2"]
[WhiteElo "2175"]
[BlackElo "1800"]
[PlyCount "58"]
[EventDate "1999.07.??"]
[EventType "team"]
[EventRounds "9"]
[EventCountry "ROU"]
[SourceTitle "EXT 2004"]
[Source "ChessBase"]
[SourceDate "2003.11.25"]
[SourceVersion "1"]
[SourceVersionDate "2003.11.25"]
[SourceQuality "1"]

1. e4 c5 2. Nf3 d6 3. c3 Nf6 4. Bd3 b6 5. 0-0 Bb7 6. Re1 g6 7. Bc2 Bg7 8. d4 0-0 9. Nbd2 e6 10. h3 Nc6 11. Nf1 Rc8 12. a3 cxd4 13. cxd4 Qc7 14. Bd3 e5 15. d5 Ne7 16. g4 h6 17. Be3 Nexd5 18. exd5 e4 19. Be2 exf3 20. Bxf3 Rfe8 21. Rc1 Qd7 22. Qd2 Kh7 23. Rxc8 Rxc8 24. Bf4 Rc4 25. b3 Rc8 26. Ne3 b5 27. Rc1 Ne8 28. Rc2 a6 29. h4 Rc7 1/2-1/2

[Event "Deva tt"]
[Site "Deva"]
[Date "1998.??.??"]
[Round "7"]
[White "Dragomirescu, Calin"]
[Black "Olariu, Dan"]
[Result "0-1"]
[WhiteElo "2220"]
[BlackElo "1800"]
[PlyCount "68"]
[EventDate "1998.07.??"]
[EventType "team"]
[EventRounds "9"]
[EventCountry "ROU"]
[SourceTitle "EXT 2004"]
[Source "ChessBase"]
[SourceDate "2003.11.25"]
[SourceVersion "1"]
[SourceVersionDate "2003.11.25"]
[SourceQuality "1"]

1. d4 d5 2. Nf3 Nf6 3. Bg5 Ne4 4. Bh4 Nd7 5. e3 Ndf6 6. Nbd2 c5 7. Bd3 Qb6 8. 0-0 Nxd2 9. Nxd2 c4 10. Be2 Qxb2 11. Rb1 Qxa2 12. Bxf6 gxf6 13. e4 Bh6 14. f4 Qa5 15. exd5 Qxd5 16. c3 Rg8 17. Bf3 Qd7 18. Qe2 Bxf4 19. Ne4 Kf8 20. Bh5 Qc7 21. g3 f5 22. Kh1 Bh6 23. Nc5 b6 24. Qf3 Rb8 25. Bxf7 bxc5 26. Bxg8 Kxg8 27. Rbe1 cxd4 28. cxd4 Bb7 29. d5 e6 30. Rxe6 Rd8 31. Rd1 c3 32. Qh5 c2 33. Re8+ Rxe8 34. Qxe8+ Kg7 0-1